Asamīẏā bacana-bhaṅgī. (Record no. 69774)

MARC details
000 -LEADER
fixed length control field 00537cam a22002171 4500
001 - CONTROL NUMBER
control field sa 66005044
003 - CONTROL NUMBER IDENTIFIER
control field DLC
005 - DATE AND TIME OF LATEST TRANSACTION
control field 20260227112247.0
008 - FIXED-LENGTH DATA ELEMENTS--GENERAL INFORMATION
fixed length control field 890425s1965 ii 000 0 asmo
010 ## - LIBRARY OF CONGRESS CONTROL NUMBER
LC control number sa 66005044
035 ## - SYSTEM CONTROL NUMBER
System control number (OCoLC)19598474
040 ## - CATALOGING SOURCE
Original cataloging agency DLC
Transcribing agency WaU
Modifying agency DLC
042 ## - AUTHENTICATION CODE
Authentication code premarc
050 00 - LIBRARY OF CONGRESS CALL NUMBER
Classification number PN6519.A85
Item number S2
100 1# - MAIN ENTRY--PERSONAL NAME
Personal name Sarma, Harendranath,
Dates associated with a name 1905-
245 10 - TITLE STATEMENT
Title Asamīẏā bacana-bhaṅgī.
260 ## - PUBLICATION, DISTRIBUTION, ETC.
Date of publication, distribution, etc. [1965]
300 ## - PHYSICAL DESCRIPTION
Extent 16, 512 p.
Dimensions 19 cm.
500 ## - GENERAL NOTE
General note In Assamese.
650 #0 - SUBJECT ADDED ENTRY--TOPICAL TERM
Topical term or geographic name entry element Proverbs, Assamese.

No items available.

Powered by Koha